Los países periféricos frente a la crisis

Enregistré dans:
Détails bibliographiques
Auteur principal: Garnier Rímolo, Leonardo
Format: Texte
Publié: Heredia: UNA
Tags: Ajouter un tag
Pas de tags, Soyez le premier à ajouter un tag!

MARC

LEADER 00000 a a2200000 04500
001 21711
003
040
090 |a 097000  
100 |a Garnier Rímolo, Leonardo  
245 |a Los países periféricos frente a la crisis  
260 |a Heredia:   |b UNA  
300 |a 21 p.  
999 |c 7768  |d 7768